Společné podniky v Čínské lidové republice.
V ČĽR sa už viac ako 10 rokov široko aplikuje forma spoločných podnikov (joint ventures). Význam spoločných podnikov v ekonomike ČĽR. Hlavní zahraniční partneri. Odvetvová štruktúra spoločných podnikov. Pravidlá a právny základ formovania a rozvíjania spoločných podnikov. Prevádzka spoločných podnik...
Gespeichert in:
| 1. Verfasser: | |
|---|---|
| Format: | Buchkapitel |
| Sprache: | Tschechisch |
| Schlagworte: | |
| Tags: |
Keine Tags, Fügen Sie das erste Tag hinzu!
|
MARC
| LEADER | 00000naa a2200000 4500 | ||
|---|---|---|---|
| 001 | r007251 | ||
| 005 | 20221125080712.1 | ||
| 041 | 0 | |a cze | |
| 044 | |a [CS] | ||
| 245 | 1 | 0 | |a Společné podniky v Čínské lidové republice. |c J. Cerhonek |
| 520 | |a V ČĽR sa už viac ako 10 rokov široko aplikuje forma spoločných podnikov (joint ventures). Význam spoločných podnikov v ekonomike ČĽR. Hlavní zahraniční partneri. Odvetvová štruktúra spoločných podnikov. Pravidlá a právny základ formovania a rozvíjania spoločných podnikov. Prevádzka spoločných podnikov. Skúsenosti zahraničných partnerov. Koncepcia ďalšieho rozvoja spoločných podnikov ráta so zahraničnou účasťou nielen v malých a stredných podnikoch, ale aj vo veľkých investičných projektoch. | ||
| 610 | 2 | 0 | |a podnik spoločný |
| 610 | 2 | 0 | |a joint ventures |
| 610 | 2 | 0 | |a Čína |
| 610 | 2 | 0 | |a predpisy právne |
| 100 | 1 | |a Cerhonek, J. | |